000 00684nas a2200229 4500
001 BR9211270
003 BR-BrBNA
005 20231205093445.0
007 ta
008 230509b bl.|||p| |||| 00| 00por d
040 _aBR-BrBNA
_bpor
_cBiblioteca Nacional de Agricultura
041 _a(En)
072 _aL40
100 1 _aStort, A.C.
100 1 _aBueno, O.C.
245 1 _aAre Apis mellifera bees morphologically africanized in Brazil
650 _aABELHA
650 _aMORFOLOGIA ANIMAL
773 0 _tRevista Brasileira de Biologia (Brazil)
_xISSN 0034-7108
_g(Aug 1985), v. 45(3) p. 393-397
_wBR9211270
909 _a202311
_bLúcia
_c55
_dLúcia Elande
942 _2AGRIS
_n0
_cANA
999 _c138479
_d138479